| Tag |
First Indicator |
Second Indicator |
Subfields |
| LEADER |
00000cam a2200000Ka 4500 |
| 001 |
in00001596021 |
| 005 |
20151022174518.0 |
| 008 |
001220s2000 iluaf b 001 0 eng d |
| 010 |
|
|
|a 00091855
|
| 020 |
|
|
|a 0962911526 :
|c $25.00
|
| 035 |
|
|
|a (OCoLC)ocm45608198
|
| 040 |
|
|
|a JED
|c JED
|d UtOrBLW
|
| 049 |
|
|
|a TXAM
|
| 090 |
|
|
|a SB470.5
|b .M54 2000
|
| 100 |
1 |
|
|a Millichap, Gordon T.
|
| 245 |
1 |
4 |
|a The school in a garden :
|b foundations and founders of landscape architecture /
|c Gordon T. Millichap, J. Gordon Millichap.
|
| 264 |
|
1 |
|a Chicago :
|b PNB Publishers,
|c [2000]
|
| 264 |
|
4 |
|c ©2000
|
| 300 |
|
|
|a xv, 216 pages, 24 unnumbered pages of plates :
|b illustrations ;
|c 24 cm.
|
| 336 |
|
|
|a text
|b txt
|2 rdacontent
|
| 337 |
|
|
|a unmediated
|b n
|2 rdamedia
|
| 338 |
|
|
|a volume
|b nc
|2 rdacarrier
|
| 504 |
|
|
|a Includes bibliographical references (pages 195-198) and index.
|
| 650 |
|
0 |
|a Landscape architecture
|x History.
|
| 650 |
|
0 |
|a Landscape architects.
|
| 700 |
1 |
|
|a Millichap, J. Gordon.
|
| 948 |
|
|
|a cataloged
|b h
|c 2001/7/9
|d c
|e eneff
|f 2:46:53 pm
|
| 994 |
|
|
|a E0
|b TXA
|
| 999 |
|
|
|a MARS
|
| 999 |
f |
f |
|s f9576750-990e-36bc-a8f5-257048c5c407
|i aab49540-ba5f-39aa-90f1-84b7b1c9ed69
|t 0
|
| 952 |
f |
f |
|p ric
|a Texas A&M University
|b Rellis Campus
|c Joint Library Facility
|d Remote Storage
|t 0
|e SB470.5 .M54 2000
|h Library of Congress classification
|i unmediated -- volume
|m A14827823581
|
| 998 |
f |
f |
|a SB470.5 .M54 2000
|t 0
|l Remote Storage
|